Biblioteca ESET

El soneto : | ensayo y antología / (Registro nro. 58)

Detalles MARC
000 -CABECERA
fixed length control field 01183Nam#a2200337#a#4500
003 - CONTROL NUMBER IDENTIFIER
control field AR-BeUNQ
005 - FECHA Y HORA DE LA ULTIMA TRANSACCION
control field 20230928154053.0
008 - ELEMENTOS DE LONGITUD FIJA-INFORMACION GENERAL
fixed length control field 230928s2014||||ag # ##||||#000|p#spa#d
020 ## - NUMERO INTERNACIONAL NORMALIZADO PARA LIBROS
Número Internacional Normalizado del libro 9789875142800
040 ## - FUENTE DE CATALOGACION
Agencia de catalogación original AR-BeUNQ
Idioma de catalogación ESPAÑOL
Convenciones de la descripción aacr
Agencia que realiza la transcripción AR-BeUNQ
041 1# - CODIGO DE IDIOMA
Código de idioma original ESPAÑOL
-- ITALIANO
-- PORTUGUES
-- FRANCES
-- INGLES
082 04 - NUMERO DE CLASIFICACION DECIMAL DEWEYMBER
Número de clasificación Ar 861
Número de la edición 21
100 1# - ASIENTO PRINCIPAL-NOMBRE PERSONAL
Nombre personal Adúriz, Javier.
Fecha asociada al nombre 1948-
245 03 - MENCION DE TITULO
Título El soneto :
Otra información sobre el título ensayo y antología /
Mención de responsabilidad, etc Javier Adúriz.
250 ## - MENCION DE EDICION
Mención de edición Ed. bilingüe
260 ## - PUBLICACION, DISTRIBUCION, ETC.
Lugar de publicación, distribución, etc. Buenos Aires :
Nombre del editor, distribuidor, etc. Leviatán,
Fecha de publicación, distribución, etc 2014.
300 ## - DESCRIPCION FISICA
Extensión 121 p. ;
Dimensiones 20 cm.
490 1# - MENCION DE SERIE
Mención de serie Colección Juan Gelman ;
Designación numérica/secuencial del volumen 60
500 ## - NOTA GENERAL
Nota general Edición especial para el Ministerio de Educación.
546 ## - NOTA DE IDIOMA
Nota de idioma Poemas en español, italiano, francés, portugués e inglés.
650 #7 - ASIENTO SECUNDARIO DE MATERIA - TERMINO TEMATICO
Término temático o nombre geográfico como elemento de entrada Literatura (arte)
Fuente del encabezamiento o términ spines
650 #7 - ASIENTO SECUNDARIO DE MATERIA - TERMINO TEMATICO
Término temático o nombre geográfico como elemento de entrada Poesía
Fuente del encabezamiento o términ tell
650 #7 - ASIENTO SECUNDARIO DE MATERIA - TERMINO TEMATICO
Término temático o nombre geográfico como elemento de entrada Antología de poesías
Fuente del encabezamiento o términ tell
650 #7 - ASIENTO SECUNDARIO DE MATERIA - TERMINO TEMATICO
Término temático o nombre geográfico como elemento de entrada Sonetos
Fuente del encabezamiento o términ tell
650 #7 - ASIENTO SECUNDARIO DE MATERIA - TERMINO TEMATICO
Término temático o nombre geográfico como elemento de entrada Literatura argentina
Fuente del encabezamiento o términ tell
655 #7 - TERMINO DE INDIZACION - GENERO/FORMA
Fuente del encabezamiento o término de indización tell
Datos o término principal de género/forma Crítica literaria
700 1# - ASIENTO SECUNDARIO - NOMBRE DE PERSONA
Personal name Adúriz, Javier,
Dates associated with a name 1948-2011
Relator term prólogo
Relationship aui
830 #0 - ASIENTO SECUNDARIO DE SERIE--TITULO UNIFORME
Título uniforme Colección Juan Gelman. ;
Designación numérica/secuencial del volumen 60
929 ## - DATOS DE ADQUISICION
Procedencia DONACION
Proveedor Ministerio de Educación
Precio 719,00E
Fecha de recibido 20151006
Patrimonio UNQ PAT0059815
Número de Pase u otro número de Donación 2912 Exp. 827-0387/98
Número de inventario 53830
942 ## - ELEMENTOS DE PUNTO DE ACCESO ADICIONAL (KOHA)
Tipo de ítem Koha Libros
Existencias
Estado de retiro Estado de pérdida Ubicación permanente Ubicación actual Ubicación en estantería Fecha de ingreso Signatura topográfica completa Inventario Date last seen Número de copia Tipo de ítem Koha Operador
PERDIDO   Biblioteca ESET - UNQ Biblioteca ESET - UNQ CIRCULACION 02/06/2016 Ar 861 ADU 53830 02/06/2016 1 Libros CMG
    Biblioteca ESET - UNQ Biblioteca ESET - UNQ CIRCULACION 02/06/2023 Ar 861 ADU 60312 02/06/2023 2 Libros GS

ESET UNQ

☏ 4365-7188
 Avenida República de Francia 1714 entre Doctor Kenny y Concordia, Ezpeleta, Bs As.
✉ secretaria_eset@unq.edu.ar

Con tecnología Koha